| 000 | 01373nam0a2200337 4500 | ||
|---|---|---|---|
| 001 | RU\NLR\BIBL_A\022724044 | ||
| 005 | 20260302111700.0 | ||
| 010 |
_a978-5-98620-812-1 _950 |
||
| 021 |
_aRU _bКН-П-25-079414 _9КН-П-25-7699 |
||
| 035 | _a(NLR Aleph) 022724044 | ||
| 090 |
_a13556555 _c13556555 |
||
| 100 | _a20260210d2025 u y0rusy50 ca | ||
| 101 | 0 | _arus | |
| 102 | _aRU | ||
| 105 | _aa|||j|||000yy | ||
| 181 | 0 |
_ai3 _baxxe |
|
| 182 | 0 | _an | |
| 200 | 1 |
_aМеждународное морское (публичное) право _eучебник _fА. Е. Арсиенков |
|
| 203 |
_aТекст _bвизуальный _cнепосредственный |
||
| 210 |
_aСанкт-Петербург _cСкифия-принт _d2025 |
||
| 215 |
_a232 с. _cил., цв. ил., табл. _d21 |
||
| 320 | _aБиблиогр.: с. 224 (12 назв.) | ||
| 606 | 1 |
_aМеждународное морское право _jУчебники _2nlr_sh1 _2nlr_sh2 _3RU\NLR\AUTH\66106455 |
|
| 606 | 1 |
_aМорское право _yРоссийская Федерация _jУчебники _2nlr_sh1 _2nlr_sh2 _3RU\NLR\AUTH\661296930 |
|
| 686 | 1 | _aХ912.52я7 | |
| 686 | 1 | _aХ621.145.2я7 | |
| 700 | 1 |
_aАрсиенков _bА. Е. _gАндрей Евгеньевич |
|
| 942 | _cBOOK | ||
| 980 | _aNB | ||